[Event "Wch U14"]
[Site "Khanty-Mansiysk"]
[Date "2016.10.02"]
[Round "10"]
[White "Mochalin, Faddey"]
[Black "Bharambe, Bhavik C"]
[Result "0-1"]
[WhiteElo "1912"]
[BlackElo "2104"]
[PlyCount "134"]
[EventDate "2016.09.22"]
[EventType "swiss"]
[EventRounds "11"]
[EventCountry "RUS"]
[SourceTitle "EXT 2017"]
[Source "ChessBase"]
[SourceDate "2016.10.25"]
[SourceVersion "1"]
[SourceVersionDate "2016.10.25"]
[SourceQuality "1"]

1. e4 c6 2. Nf3 d5 3. Nc3 Bg4 4. h3 Bxf3 5. Qxf3 e6 6. a3 Nf6 7. d3 Qb6 8. g3 Nbd7 9. Bg2 Bd6 10. Qe2 0-0 11. 0-0 d4 12. Nd1 Ne8 13. f4 f6 14. Nf2 c5 15. b3 Qc7 16. Bd2 Rc8 17. a4 b6 18. Rae1 a6 19. e5 fxe5 20. Ng4 exf4 21. Qxe6+ Kh8 22. Bxf4 Bxf4 23. Rxf4 Nef6 24. Nxf6 Nxf6 25. Qe5 Qa7 26. Qd6 Rfe8 27. Re6 Rxe6 28. Qxe6 Qc7 29. Bf3 h6 30. Be4 Rb8 31. Kg2 Nh5 32. Qg6 Nxf4+ 33. gxf4 Kg8 34. Bd5+ Kf8 35. Qf5+ Ke8 36. Qe6+ Qe7 37. Qg8+ Qf8 38. Qe6+ Kd8 39. Bc6 Qe7 40. Qd5+ Kc7 41. Ba8 Qd6 42. Qe4 Qf6 43. Kf3 Kd7 44. f5 g6 45. Bd5 Qxf5+ 46. Qxf5+ gxf5 47. Kf4 Rf8 48. Bc4 a5 49. Bd5 Ke7 50. Ke5 f4 51. Bf3 Rg8 52. Kxf4 Kf6 53. Ke4 Rg3 54. Bg4 Rg2 55. Kd5 Rxc2 56. Kc6 Rc3 57. Kxb6 Rxb3+ 58. Kxa5 Rxd3 59. Kb5 Ra3 60. Bd1 d3 61. Kxc5 d2 62. Kb6 Ra1 63. Bc2 d1Q 64. Bxd1 Rxd1 65. a5 Kg5 66. a6 Kh4 67. a7 Ra1 0-1

[Event "Wch U14"]
[Site "Khanty-Mansiysk"]
[Date "2016.09.22"]
[Round "1"]
[White "Bharambe, Bhavik C"]
[Black "Kakuk, Tibor"]
[Result "1-0"]
[WhiteElo "2104"]
[BlackElo "1622"]
[PlyCount "83"]
[EventDate "2016.09.22"]
[EventType "swiss"]
[EventRounds "11"]
[EventCountry "RUS"]
[SourceTitle "EXT 2017"]
[Source "ChessBase"]
[SourceDate "2016.10.25"]
[SourceVersion "1"]
[SourceVersionDate "2016.10.25"]
[SourceQuality "1"]

1. d4 d5 2. c4 c6 3. Nc3 Nf6 4. cxd5 cxd5 5. Bf4 a6 6. e3 Nc6 7. Bd3 e6 8. a3 b5 9. Nf3 Bb7 10. Ne5 Be7 11. 0-0 0-0 12. Bg3 Rc8 13. f4 Na5 14. Qe2 Nc4 15. Rac1 Qa5 16. Bh4 Rfe8 17. Bxf6 Bxf6 18. Bxh7+ Kf8 19. Nd7+ Ke7 20. Nc5 Qb6 21. Bb1 b4 22. N3a4 Qa7 23. axb4 Bc6 24. b3 Bxa4 25. bxc4 dxc4 26. Nxa4 a5 27. bxa5 Qxa5 28. Rxc4 Kf8 29. Rxc8 Rxc8 30. Nc5 Qb4 31. Nd7+ Ke7 32. Nxf6 gxf6 33. Be4 f5 34. Bf3 Qb3 35. Re1 Rc2 36. Qd1 Qc3 37. d5 Rd2 38. Qa1 Qb4 39. dxe6 fxe6 40. Rb1 Qc5 41. Rb7+ Rd7 42. Qg7+ 1-0

[Event "Mumbai Wealth op"]
[Site "Mumbai"]
[Date "2016.02.02"]
[Round "6"]
[White "Himanshu, Sharma"]
[Black "Bharambe, Bhavik C"]
[Result "1/2-1/2"]
[WhiteElo "2385"]
[BlackElo "2064"]
[PlyCount "99"]
[EventDate "2016.01.28"]
[EventType "swiss"]
[EventRounds "9"]
[EventCountry "IND"]
[SourceTitle "CBM 170 Extra"]
[Source "ChessBase"]
[SourceDate "2016.02.25"]
[SourceVersion "1"]
[SourceVersionDate "2016.02.25"]
[SourceQuality "1"]

1. e4 c6 2. Nf3 d5 3. exd5 cxd5 4. Ne5 Nf6 5. d4 g6 6. Bd3 Bg7 7. Nd2 0-0 8. c3 Nc6 9. Ndf3 Ne4 10. 0-0 Nd6 11. Re1 f6 12. Nxc6 bxc6 13. h3 Re8 14. Bf4 Nf7 15. Bh2 e5 16. dxe5 fxe5 17. Bc2 Qb6 18. b4 a5 19. a3 Ra7 20. Nd4 Rf8 21. Nb3 e4 22. Qd2 Ne5 23. Nxa5 Raf7 24. Qe3 Qa6 25. Bg3 Nf3+ 26. Kh1 Bxh3 27. gxh3 Nxe1 28. Rxe1 Rf3 29. Qe2 Qc8 30. Kg2 Bxc3 31. Bxe4 Rxg3+ 32. fxg3 Bxe1 33. Bf3 Bc3 34. Bg4 Qc7 35. Qe6+ Kh8 36. Nxc6 Qb6 37. Bf3 Qa6 38. Qxd5 Qxa3 39. h4 Qb2+ 40. Kh3 Qf2 41. Be4 Qf1+ 42. Kh2 Qf2+ 43. Kh3 Qf1+ 44. Kh2 Qf2+ 45. Bg2 Qf5 46. Qc4 Be1 47. b5 Bf2 48. Qc3+ Qf6 49. Qb3 Bb6 50. Qd1 1/2-1/2

[Event "Mumbai Wealth op"]
[Site "Mumbai"]
[Date "2016.01.31"]
[Round "4"]
[White "Gagare, Shardul"]
[Black "Bharambe, Bhavik C"]
[Result "1-0"]
[WhiteElo "2497"]
[BlackElo "2064"]
[PlyCount "95"]
[EventDate "2016.01.28"]
[EventType "swiss"]
[EventRounds "9"]
[EventCountry "IND"]
[SourceTitle "CBM 170 Extra"]
[Source "ChessBase"]
[SourceDate "2016.02.25"]
[SourceVersion "1"]
[SourceVersionDate "2016.02.25"]
[SourceQuality "1"]

1. d4 Nf6 2. c4 e6 3. Nf3 b6 4. g3 Ba6 5. b3 Bb7 6. Bg2 Bb4+ 7. Bd2 a5 8. 0-0 0-0 9. Bf4 a4 10. bxa4 d6 11. Qb3 Ba5 12. Na3 Nbd7 13. Nb5 Re8 14. Rfd1 Qc8 15. Bh3 h6 16. Ne1 Bxe1 17. Rxe1 e5 18. dxe5 dxe5 19. Be3 Bc6 20. Red1 Qb7 21. Rd3 Nf8 22. c5 bxc5 23. Bxc5 Ng6 24. Rc1 Be4 25. Rd2 Bd5 26. Qd1 Bc6 27. Rb2 Red8 28. Qb3 Rd5 29. Qa3 Rdd8 30. Qb3 Bd5 31. Qa3 c6 32. Nc3 Qa6 33. Bf5 Rdb8 34. Rcb1 Rxb2 35. Rxb2 Qc4 36. Rb4 Qa6 37. Rb6 Qc4 38. Qb4 Rxa4 39. Rb8+ Kh7 40. Qb2 Ra6 41. Be3 Ra5 42. Bb6 Rb5 43. Nxb5 cxb5 44. a3 Ne4 45. f3 Ng5 46. Qc2 e4 47. Qxc4 Bxc4 48. h4 1-0

[Event "IND-ch U13 29th"]
[Site "Gurgaon"]
[Date "2015.09.05"]
[Round "9"]
[White "Bharambe, Bhavik C"]
[Black "Rahul, Srivatshav P"]
[Result "0-1"]
[WhiteElo "1964"]
[BlackElo "1980"]
[PlyCount "132"]
[EventDate "2015.08.30"]
[EventType "swiss"]
[EventRounds "11"]
[EventCountry "IND"]
[SourceTitle "EXT 2016"]
[Source "ChessBase"]
[SourceDate "2015.10.08"]
[SourceVersion "1"]
[SourceVersionDate "2015.10.08"]
[SourceQuality "1"]

1. d4 d5 2. c4 e6 3. Nc3 c6 4. cxd5 exd5 5. Qc2 g6 6. Nf3 Nf6 7. Bg5 Be7 8. e3 Bf5 9. Qb3 Qb6 10. Be2 Nbd7 11. 0-0 h6 12. Bf4 Nh5 13. Be5 f6 14. Nh4 Qxb3 15. axb3 Bc2 16. Bg3 Nxg3 17. fxg3 Kf7 18. Bd1 Bxd1 19. Nxd1 f5 20. Nf3 Kg7 21. Nf2 Rhe8 22. g4 fxg4 23. Nxg4 Bd6 24. Rfe1 Re7 25. Nf2 a6 26. Nd3 Rae8 27. Kf2 g5 28. h3 Rf8 29. Re2 h5 30. Kg1 g4 31. Nd2 Rfe8 32. Nf1 Nf6 33. Nf2 Kh6 34. Rae1 gxh3 35. Nxh3 Ne4 36. Nf2 Ng3 37. Nxg3 Bxg3 38. Kf1 Rf7 39. Kg1 Ref8 40. Rf1 Rf6 41. Rd2 Kh7 42. Re2 R8f7 43. Rd2 Kg8 44. Rc2 Kf8 45. Re2 Kg7 46. Rc2 Rf5 47. Re2 R7f6 48. Rc2 Kf8 49. Re2 Kf7 50. Rd2 Ke7 51. Re2 Kd7 52. Rd2 Kc7 53. Rc2 Kb6 54. Re2 Kb5 55. Rd2 Rxf2 56. Rdxf2 Rxf2 57. Rxf2 Bxf2+ 58. Kxf2 Kb4 59. Kg3 Kxb3 60. Kh4 Kxb2 61. Kxh5 a5 62. g4 a4 63. g5 a3 64. g6 a2 65. g7 a1Q 66. g8Q Qh1+ 0-1

[Event "IND-ch U13 29th"]
[Site "Gurgaon"]
[Date "2015.09.02"]
[Round "5"]
[White "Bharambe, Bhavik C"]
[Black "Shelke, Sankarsha"]
[Result "1-0"]
[WhiteElo "1964"]
[BlackElo "2034"]
[PlyCount "59"]
[EventDate "2015.08.30"]
[EventType "swiss"]
[EventRounds "11"]
[EventCountry "IND"]
[SourceTitle "EXT 2016"]
[Source "ChessBase"]
[SourceDate "2015.10.08"]
[SourceVersion "1"]
[SourceVersionDate "2015.10.08"]
[SourceQuality "1"]

1. d4 d5 2. c4 c6 3. Nc3 Nf6 4. cxd5 cxd5 5. Bf4 Nc6 6. e3 Bf5 7. Qb3 Na5 8. Qa4+ Bd7 9. Qc2 e6 10. Bd3 Rc8 11. Nf3 b5 12. a3 Be7 13. 0-0 0-0 14. Ne5 Nc4 15. Qe2 a6 16. Rac1 Qa5 17. Bg5 Qd8 18. f4 h6 19. Bxf6 Bxf6 20. Rf3 a5 21. Na2 Qe7 22. Rcf1 Nd6 23. Rg3 Rb8 24. Qh5 Kh8 25. Ng4 Nf5 26. Bxf5 exf5 27. Nxh6 g6 28. Nxf7+ Kg8 29. Qxg6+ Bg7 30. Qxg7# 1-0